THEORY OF MACHINES (Record no. 740273)

MARC details
000 -LEADER
fixed length control field 00245nam a2200097Ia 4500
008 - FIXED-LENGTH DATA ELEMENTS--GENERAL INFORMATION
fixed length control field 230508s2004 xx 000 0 und d
041 ## - LANGUAGE CODE
Language code of text/sound track or separate title eng
100 ## - MAIN ENTRY--PERSONAL NAME
Personal name UTTURKAR , SIGHAL
245 ## - TITLE STATEMENT
Title THEORY OF MACHINES
260 ## - PUBLICATION, DISTRIBUTION, ETC.
Name of publisher, distributor, etc. NIRALI PUBLI,PUNE
Date of publication, distribution, etc. 2004
Date of manufacture 2004

No items available.